Reichste Bevölkerungen - Europa - Statistiken

Allgemein
  • Dieses Quiz wurde 112 mal gespielt
    98 seit der letzten Aktualisierung
  • Das Durchschnittsergebnis liegt bei 12 aus 15
Antwortstatistiken
Hint Antwort % Korrekt
70.047 Schweden
97%
93.055 Schweiz
97%
148.694 Luxemburg
96%
100.154 Norwegen
96%
162.000 Liechtenstein
94%
200.000 Monaco
94%
79.586 Niederlande
93%
71.988 Österreich
90%
71.035 Belgien
89%
80.211 Dänemark
87%
126.992 Irland
87%
78.122 San Marino
87%
78.250 Island
86%
85.560 Isle of Man
3%
78.820 Färöer Inseln
1%
Keine übereinstimmenden Quizze gefunden
Verteilung der Resultate
Anzahl Personen mit jedem Resultat
Perzentil nach korrekt beantworteten Fragen
Ihre Resultats-Entwicklung
Sie haben dieses Quiz seit der letzten Aktualisierung nicht gespielt